Preventing money laundering and terrorist financing :a practical guide for bank supervisors(E-BOOK) (Record no. 193271)

000 -LEADER
fixed length control field 00915 a2200265 4500
003 - CONTROL NUMBER IDENTIFIER
control field Nust
005 - DATE AND TIME OF LATEST TRANSACTION
control field 20170207154054.0
010 ## - LIBRARY OF CONGRESS CONTROL NUMBER
LC control number 2009007464
020 ## - INTERNATIONAL STANDARD BOOK NUMBER
International Standard Book Number 0821379127
020 ## - INTERNATIONAL STANDARD BOOK NUMBER
International Standard Book Number 0821379135 (electronic)
020 ## - INTERNATIONAL STANDARD BOOK NUMBER
International Standard Book Number 9780821379127
020 ## - INTERNATIONAL STANDARD BOOK NUMBER
International Standard Book Number 9780821379134 (electronic)
035 ## - SYSTEM CONTROL NUMBER
System control number (OCoLC)ocn315236913
040 ## - CATALOGING SOURCE
Transcribing agency Nust
082 00 - DEWEY DECIMAL CLASSIFICATION NUMBER
Classification number 364.168
245 00 - TITLE STATEMENT
Title Preventing money laundering and terrorist financing :a practical guide for bank supervisors(E-BOOK)
Statement of responsibility, etc. Pierre-Laurent Chatain ... [et al.].
260 ## - PUBLICATION, DISTRIBUTION, ETC.
Place of publication, distribution, etc. Washington, DC :
Name of publisher, distributor, etc. World Bank,
Date of publication, distribution, etc. c2009.
300 ## - PHYSICAL DESCRIPTION
Extent xxvii, 271 p. :
Other physical details ill. ;
Dimensions 26 cm.
650 #0 - SUBJECT ADDED ENTRY--TOPICAL TERM
Topical term or geographic name entry element Banks and banking
General subdivision Corrupt practices.
650 #0 - SUBJECT ADDED ENTRY--TOPICAL TERM
Topical term or geographic name entry element Money laundering
General subdivision Prevention.
650 #0 - SUBJECT ADDED ENTRY--TOPICAL TERM
Topical term or geographic name entry element Terrorism
General subdivision Finance
-- Prevention.
651 ## - SUBJECT ADDED ENTRY--GEOGRAPHIC NAME
Geographic name E-BOOK
700 1# - ADDED ENTRY--PERSONAL NAME
Personal name Chatain, Pierre-Laurent,
Dates associated with a name 1961-
856 41 - ELECTRONIC LOCATION AND ACCESS
Materials specified Table of contents only
Uniform Resource Identifier <a href="http://www.loc.gov/catdir/toc/fy0905/2009007464.html">http://www.loc.gov/catdir/toc/fy0905/2009007464.html</a>
942 ## - ADDED ENTRY ELEMENTS (KOHA)
Source of classification or shelving scheme
Koha item type Book
Holdings
Withdrawn status Lost status Source of classification or shelving scheme Damaged status Not for loan Collection code Permanent Location Current Location Date acquired Total Checkouts Full call number Barcode Date last seen Price effective from Koha item type
            Military College of Signals (MCS) Military College of Signals (MCS) 12/12/2016   364.168 CHA MCSEB-2966 12/08/2016 12/12/2016 Book
© 2023 Central Library, National University of Sciences and Technology. All Rights Reserved.